Registračná povinnosť daňovníka podľa zákona o dani z príjmov a daňového poriadku
Každý začínajúci podnikateľ, ktorým je fyzická alebo právnická osoba skôr ako začne na základe povolenia podnikať, je povinný podať žiadosť o registráciu miestne príslušnému správcovi dane. Registrácia daňovníkov z hľadiska správy daní je konanie v rámci správy daní, ktoré s daňovým konaním bezprost...
Salvato in:
| Autore principale: | |
|---|---|
| Altri autori: | |
| Natura: | Capitolo di libro |
| Lingua: | slovacco |
| Soggetti: | |
| Tags: |
Nessun Tag, puoi essere il primo ad aggiungerne!!
|
MARC
| LEADER | 00000naa a2200000 4500 | ||
|---|---|---|---|
| 001 | 0172021 | ||
| 005 | 20240221132117.7 | ||
| 041 | 0 | |a slo | |
| 044 | |a SK | ||
| 245 | 1 | 0 | |a Registračná povinnosť daňovníka podľa zákona o dani z príjmov a daňového poriadku |c Božena Jurčíková, Miroslav Mečár |
| 520 | |a Každý začínajúci podnikateľ, ktorým je fyzická alebo právnická osoba skôr ako začne na základe povolenia podnikať, je povinný podať žiadosť o registráciu miestne príslušnému správcovi dane. Registrácia daňovníkov z hľadiska správy daní je konanie v rámci správy daní, ktoré s daňovým konaním bezprostredne súvisí. Registrácia daňovníkov umožňuje správcovi dane získať prehľad o základných údajoch daňovníka a o ich zmenách, ku ktorým dochádza v priebehu podnikania a ktoré sú pri správe daní dôležité pre správcu dane. | ||
| 610 | 2 | 0 | |a dane z príjmov |
| 610 | 2 | 0 | |a povinnosť daňová |
| 610 | 2 | 0 | |a registrácia |
| 610 | 2 | 0 | |a daňovníci |
| 100 | 1 | |a Jurčíková, Božena | |
| 700 | 1 | |a Mečár, Miroslav | |